000 00738nam a2200229Ia 4500
003 GCL
008 140319s9999 xx 000 0 ara d
040 _aGCL /
_cGCL
082 0 4 _a071.962
_bص ا
100 1 _aصبرى ابوالمجد
245 1 0 _aامين الرافعى رائد صحافة الراى فى مصر /
_cصبرى ابوالمجد
260 _a[S.N] :
_bالهيئة المصرية العامة للكتاب
300 _a506 ص
490 _aاعلام الصحافة العربية
_v0
650 0 4 _aمصر
650 0 4 _aالصحافة المصرية
650 0 4 _aالصحافة
650 0 4 _aالاعلام
650 0 4 _aاعلام الاسلام
650 0 4 _aامين الرافعى
942 _2ddc
_cBK
999 _c30897
_d30897